[Event "CZE-chT 2324"]
[Site "Czech Republic"]
[Date "2023.10.14"]
[Round "1.5"]
[White "Votava, Jan"]
[Black "Bernasek, Jan"]
[Result "0-1"]
[WhiteElo "2473"]
[BlackElo "2515"]
[PlyCount "60"]
[EventDate "2023.10.14"]
[EventType "team-tourn"]
[EventRounds "11"]
[EventCountry "CZE"]
[SourceTitle "Mega2024 Update 01"]
[Source "Chessbase"]
[SourceDate "2023.11.12"]
[SourceVersion "1"]
[SourceVersionDate "2023.11.12"]
[SourceQuality "1"]
[WhiteTeam "Pardubice"]
[BlackTeam "Unichess"]
[WhiteTeamCountry "CZE"]
[BlackTeamCountry "CZE"]

1. d4 d5 2. c4 e6 3. Nf3 c6 4. g3 dxc4 5. Bg2 b5 6. 0-0 Nf6 7. b3 cxb3 8. Qxb3 Be7 9. a4 b4 10. a5 0-0 11. Bg5 Ba6 12. Re1 Nbd7 13. Nbd2 c5 14. Ne5 Nxe5 15. Bxa8 c4 16. Qa4 Neg4 17. Bg2 Qxd4 18. Rf1 c3 19. Nf3 Qc5 20. h3 Nxf2 21. Bxf6 Nxh3+ 22. Kh2 Bxf6 23. Kxh3 Bxe2 24. Rfe1 Qh5+ 25. Nh4 Qg4+ 26. Kh2 Be5 27. Rxe2 Bxg3+ 28. Kh1 Qxe2 29. Nf3 Qb2 30. Rf1 c2 0-1

[Event "CZE-chT1W 2223"]
[Site "Czech Republic"]
[Date "2023.04.02"]
[Round "11.5"]
[White "Bernasek, Jan"]
[Black "Pulpan, Jakub"]
[Result "1/2-1/2"]
[WhiteElo "2494"]
[BlackElo "2408"]
[PlyCount "136"]
[EventDate "2022.10.09"]
[EventType "team-tourn"]
[EventRounds "11"]
[EventCountry "CZE"]
[SourceTitle "EXT 2024"]
[Source "ChessBase"]
[SourceDate "2023.10.10"]
[SourceVersion "1"]
[SourceVersionDate "2023.10.10"]
[SourceQuality "1"]
[WhiteTeam "Unichess Sousek"]
[BlackTeam "Lysa nad Labem II"]
[WhiteTeamCountry "CZE"]
[BlackTeamCountry "CZE"]

1. d4 Nf6 2. c4 e6 3. Nc3 Bb4 4. e3 0-0 5. Nge2 Re8 6. a3 Bf8 7. Ng3 d5 8. cxd5 exd5 9. Bd3 b6 10. 0-0 Bb7 11. b4 a6 12. Rb1 Ra7 13. Qc2 h5 14. Rd1 Nbd7 15. f3 c5 16. Qf2 g6 17. Nge2 Ba8 18. Nf4 cxd4 19. exd4 b5 20. a4 Rc7 21. Nfe2 bxa4 22. Nxa4 Bc6 23. Nc5 Bb5 24. Bxb5 axb5 25. Nc3 Rc6 26. Bg5 Qb8 27. Qg3 Bd6 28. Qh4 Kg7 29. Re1 Rcc8 30. Ra1 Re7 31. Rxe7 Bxe7 32. Ra6 Bd8 33. Kf1 Bb6 34. Bf4 Bc7 35. Bg5 Bd6 36. Qh3 Bxc5 37. dxc5 Qe5 38. Bxf6+ Nxf6 39. Qxc8 Qxc3 40. Rxf6 Qc4+ 41. Kf2 Qh4+ 42. Ke3 Qxf6 43. c6 Qc3+ 44. Kf2 h4 45. c7 d4 46. Qb7 Qd2+ 47. Kf1 d3 48. Qe4 Qc1+ 49. Kf2 Qxc7 50. Qd4+ Kg8 51. Qxd3 Qxh2 52. Qd8+ Kg7 53. Qd4+ f6 54. Kf1 Qh1+ 55. Kf2 Qh2 56. Kf1 h3 57. Qd7+ Kh6 58. gxh3 Qe5 59. Qg4 Qh2 60. Qd7 Qf4 61. Qxb5 Qxf3+ 62. Ke1 Qxh3 63. Qc5 f5 64. b5 Qg3+ 65. Kf1 f4 66. Qf8+ Kh7 67. Qf7+ Kh6 68. Qf8+ Kh7 1/2-1/2

[Event "CZE-chT 2223"]
[Site "Czech Republic"]
[Date "2023.03.24"]
[Round "9.6"]
[White "Carlsson, Pontus"]
[Black "Bernasek, Jan"]
[Result "0-1"]
[WhiteElo "2458"]
[BlackElo "2494"]
[PlyCount "48"]
[EventDate "2022.10.15"]
[EventType "team-tourn"]
[EventRounds "11"]
[EventCountry "CZE"]
[SourceTitle "CBM 213 Extra"]
[Source "ChessBase"]
[SourceDate "2023.05.31"]
[SourceVersion "1"]
[SourceVersionDate "2023.05.31"]
[SourceQuality "1"]
[WhiteTeam "Praha Dopravni Podnik"]
[BlackTeam "Unichess"]
[WhiteTeamCountry "CZE"]
[BlackTeamCountry "CZE"]

1. e4 c5 2. Nf3 Nc6 3. Bb5 g6 4. Bxc6 bxc6 5. 0-0 Bg7 6. Re1 Qc7 7. c3 d6 8. h3 Nf6 9. d4 cxd4 10. cxd4 0-0 11. Nc3 c5 12. e5 dxe5 13. dxe5 Rd8 14. Qa4 Nh5 15. g4 Bb7 16. Ne4 f5 17. Neg5 fxg4 18. hxg4 Qc8 19. gxh5 Rd4 20. Qb3+ c4 21. Qe3 Qg4+ 22. Kf1 Rad8 23. hxg6 h6 24. Nf7 Bxf3 0-1

[Event "CZE-chT1W 2223"]
[Site "Czech Republic"]
[Date "2023.02.26"]
[Round "9.1"]
[White "Bernasek, Jan"]
[Black "Vrana, Jan"]
[Result "1-0"]
[WhiteElo "2494"]
[BlackElo "2390"]
[PlyCount "79"]
[EventDate "2022.10.09"]
[EventType "team-tourn"]
[EventRounds "11"]
[EventCountry "CZE"]
[SourceTitle "CBM 213 Extra"]
[Source "ChessBase"]
[SourceDate "2023.05.31"]
[SourceVersion "1"]
[SourceVersionDate "2023.05.31"]
[SourceQuality "1"]
[WhiteTeam "Unichess Sousek"]
[BlackTeam "Polabiny II"]
[WhiteTeamCountry "CZE"]
[BlackTeamCountry "CZE"]

1. d4 d5 2. c4 e6 3. Nc3 Nf6 4. Nf3 Be7 5. cxd5 exd5 6. Bf4 c6 7. e3 Nbd7 8. h3 Nf8 9. Bd3 Ng6 10. Bh2 Bd6 11. Ne5 Bxe5 12. dxe5 Nd7 13. f4 Qh4+ 14. g3 Qxh3 15. Bf1 Qe6 16. Qc2 Ne7 17. e4 d4 18. Na4 f6 19. exf6 Nxf6 20. Nc5 Qg4 21. Bg2 0-0 22. Qc4+ Kh8 23. Qxd4 b6 24. Nd3 Ba6 25. Qe3 Rad8 26. Ne5 Qc8 27. Bf3 c5 28. Bg1 Qc7 29. Qb3 c4 30. Qa3 Qd6 31. Qxa6 Qd2+ 32. Kf1 Qxb2 33. Re1 c3 34. Rh2 c2 35. Qe2 Rc8 36. Be3 Qxa2 37. Rc1 Qa4 38. Qd3 Kg8 39. Rhxc2 Rxc2 40. Qxc2 1-0

[Event "CZE-chT1W 2223"]
[Site "Czech Republic"]
[Date "2023.01.15"]
[Round "6.2"]
[White "Bernasek, Jan"]
[Black "Vyprachticky, David"]
[Result "1-0"]
[WhiteElo "2494"]
[BlackElo "2285"]
[PlyCount "87"]
[EventDate "2022.10.09"]
[EventType "team-tourn"]
[EventRounds "11"]
[EventCountry "CZE"]
[SourceTitle "CBM 213 Extra"]
[Source "ChessBase"]
[SourceDate "2023.05.31"]
[SourceVersion "1"]
[SourceVersionDate "2023.05.31"]
[SourceQuality "1"]
[WhiteTeam "Unichess Sousek"]
[BlackTeam "Praha Oaza II"]
[WhiteTeamCountry "CZE"]
[BlackTeamCountry "CZE"]

1. Nf3 Nf6 2. d4 e6 3. Bf4 d5 4. e3 Bd6 5. Bg3 0-0 6. Bd3 c5 7. c3 Nc6 8. Nbd2 b6 9. Ne5 Ne7 10. f4 Nf5 11. Bf2 Be7 12. Nc6 Qc7 13. Nxe7+ Qxe7 14. g4 Nd6 15. Bh4 Bb7 16. Qc2 g6 17. 0-0-0 Kg7 18. Rdf1 c4 19. Be2 Qd7 20. f5 Nfe4 21. Nxe4 dxe4 22. f6+ Kg8 23. Bg5 b5 24. h4 b4 25. h5 bxc3 26. bxc3 Bc6 27. Bd1 Rab8 28. Bh6 Qb7 29. Bxf8 Kxf8 30. hxg6 fxg6 31. Kd2 Kg8 32. Ke1 Nf7 33. Qh2 h6 34. Be2 Qb2 35. Kf2 Rf8 36. Qc7 Qb5 37. Rb1 Qg5 38. Qxc6 Qxf6+ 39. Ke1 Ne5 40. Qxe4 Nd3+ 41. Kd2 Nf2 42. Qe5 Qxe5 43. dxe5 Rd8+ 44. Kc2 1-0

[Event "CZE-chT1W 2223"]
[Site "Czech Republic"]
[Date "2022.12.11"]
[Round "5.5"]
[White "Bernasek, Jan"]
[Black "Vojta, Jakub"]
[Result "1-0"]
[WhiteElo "2494"]
[BlackElo "2310"]
[PlyCount "73"]
[EventDate "2022.10.09"]
[EventType "team-tourn"]
[EventRounds "11"]
[EventCountry "CZE"]
[SourceTitle "CBM 213 Extra"]
[Source "ChessBase"]
[SourceDate "2023.05.31"]
[SourceVersion "1"]
[SourceVersionDate "2023.05.31"]
[SourceQuality "1"]
[WhiteTeam "Unichess Sousek"]
[BlackTeam "Ricany Betsys"]
[WhiteTeamCountry "CZE"]
[BlackTeamCountry "CZE"]

1. d4 Nf6 2. c4 c5 3. e3 g6 4. Nf3 Bg7 5. Nc3 0-0 6. Be2 cxd4 7. Nxd4 d5 8. 0-0 dxc4 9. Bxc4 a6 10. a4 Qc7 11. Qe2 Rd8 12. h3 b6 13. Bd2 Bb7 14. Rac1 e5 15. Nf3 h6 16. e4 Qe7 17. Be3 Nbd7 18. Nd2 Qb4 19. b3 Rac8 20. Rfd1 Bf8 21. Qf3 Qe7 22. Qg3 Kg7 23. Nd5 Bxd5 24. exd5 b5 25. axb5 axb5 26. d6 Qxd6 27. Bxb5 Rxc1 28. Rxc1 Rb8 29. Bc4 Nb6 30. Qh4 g5 31. Qg3 e4 32. Bxg5 hxg5 33. Qxg5+ Kh8 34. Bxf7 Qe7 35. Rc7 Nbd7 36. Rxd7 Nxd7 37. Qg8# 1-0

[Event "CZE-chT1W 2223"]
[Site "Czech Republic"]
[Date "2022.11.13"]
[Round "3.4"]
[White "Bernasek, Jan"]
[Black "Piza, Vlastimil"]
[Result "1-0"]
[WhiteElo "2494"]
[BlackElo "2213"]
[PlyCount "139"]
[EventDate "2022.10.09"]
[EventType "team-tourn"]
[EventRounds "11"]
[EventCountry "CZE"]
[SourceTitle "CBM 213 Extra"]
[Source "ChessBase"]
[SourceDate "2023.05.31"]
[SourceVersion "1"]
[SourceVersionDate "2023.05.31"]
[SourceQuality "1"]
[WhiteTeam "Unichess Sousek"]
[BlackTeam "Gordic"]
[WhiteTeamCountry "CZE"]
[BlackTeamCountry "CZE"]

1. d4 Nf6 2. Nf3 d6 3. g3 g6 4. Bg2 Bg7 5. 0-0 0-0 6. c4 c6 7. Nc3 Bf5 8. Nh4 Be6 9. d5 cxd5 10. cxd5 Bd7 11. Nf3 a5 12. a4 Na6 13. Nd4 Nc5 14. h3 Qb6 15. Ndb5 Rfc8 16. Be3 Qd8 17. Bd4 Bxb5 18. Nxb5 Nfd7 19. Bxg7 Kxg7 20. h4 h5 21. Bh3 f5 22. f3 Ne5 23. Rc1 Ncd7 24. Qd2 Rxc1 25. Rxc1 Rc8 26. f4 Ng4 27. Bxg4 Rxc1+ 28. Qxc1 hxg4 29. Nd4 Qb6 30. Qe3 Kf8 31. h5 gxh5 32. Kg2 Qxb2 33. Nxf5 Qf6 34. Nd4 Nc5 35. Ne6+ Nxe6 36. dxe6 Qf5 37. Qd4 Kg8 38. Qc4 Qc5 39. Qb3 Qc6+ 40. Kf2 Qe4 41. Qb5 Qxe6 42. Qxa5 Qe4 43. Qxh5 Qd4+ 44. Kg2 Qe4+ 45. Kf1 Qxa4 46. Qxg4+ Kf7 47. Qh5+ Kg7 48. Qg5+ Kf8 49. Qf5+ Kg7 50. Qe6 Qe8 51. Kf2 b5 52. Qe4 Qd7 53. f5 Qa7+ 54. Kf3 Kf8 55. g4 Qg1 56. Kf4 Qc1+ 57. e3 Qf1+ 58. Kg5 Qc4 59. Qa8+ Kf7 60. Kh5 b4 61. e4 Qd3 62. Kh4 b3 63. g5 b2 64. g6+ Kg7 65. Qb7 Kg8 66. Qb8+ Kg7 67. Qxb2+ Kg8 68. Qb7 Kh8 69. Qa8+ Kg7 70. Qd5 1-0

[Event "CZE-chT1W 2223"]
[Site "Czech Republic"]
[Date "2022.10.09"]
[Round "1.3"]
[White "Bernasek, Jan"]
[Black "Plischki, Sebastian"]
[Result "1-0"]
[WhiteElo "2494"]
[BlackElo "2342"]
[PlyCount "45"]
[EventDate "2022.10.09"]
[EventType "team-tourn"]
[EventRounds "11"]
[EventCountry "CZE"]
[SourceTitle "CBM 210 Extra"]
[Source "ChessBase"]
[SourceDate "2022.11.30"]
[SourceVersion "1"]
[SourceVersionDate "2022.11.30"]
[SourceQuality "1"]
[WhiteTeam "Unichess Sousek"]
[BlackTeam "Praha DP EA Hotels II"]
[WhiteTeamCountry "CZE"]
[BlackTeamCountry "CZE"]

1. d4 Nf6 2. c4 c5 3. d5 d6 4. Nc3 g6 5. e4 Bg7 6. Be2 0-0 7. g4 e6 8. g5 Ne8 9. h4 exd5 10. exd5 a6 11. a4 b6 12. h5 Ra7 13. Bd3 Re7+ 14. Kf1 Nd7 15. f4 Bxc3 16. bxc3 Ng7 17. Ra2 Nxh5 18. Rxh5 gxh5 19. Bxh7+ Kxh7 20. Qxh5+ Kg8 21. Rh2 f5 22. g6 Re1+ 23. Kf2 1-0

[Event "CZE-chT 2122"]
[Site "Czech Republic"]
[Date "2022.04.08"]
[Round "13.6"]
[White "Bernasek, Jan"]
[Black "Miesbauer, Jan"]
[Result "1/2-1/2"]
[WhiteElo "2498"]
[BlackElo "2410"]
[PlyCount "120"]
[EventDate "2021.10.15"]
[EventType "team-tourn"]
[EventRounds "15"]
[EventCountry "CZE"]
[SourceTitle "EXT 2023"]
[Source "ChessBase"]
[SourceDate "2022.10.05"]
[SourceVersion "1"]
[SourceVersionDate "2022.10.05"]
[SourceQuality "1"]
[WhiteTeam "Unichess"]
[BlackTeam "Praha Dopravni Podnik"]
[WhiteTeamCountry "CZE"]
[BlackTeamCountry "CZE"]

1. d4 Nf6 2. c4 g6 3. Nc3 Bg7 4. e4 d6 5. Be2 0-0 6. Be3 c6 7. Qd2 a6 8. Bh6 b5 9. Bxg7 Kxg7 10. f3 Nbd7 11. b3 e5 12. Rd1 Qb6 13. c5 dxc5 14. dxe5 Nxe5 15. f4 Ned7 16. Nf3 c4 17. e5 Nd5 18. Nd4 Nc5 19. Nxd5 cxd5 20. Qe3 Qa5+ 21. Kf1 Ne4 22. f5 h6 23. g4 Qc3 24. Qf4 g5 25. Qf3 Re8 26. f6+ Kg8 27. Kg2 Bd7 28. h4 Rxe5 29. hxg5 Rxg5 30. Qf4 Rg6 31. Rh3 Qb2 32. Kg1 Nc3 33. Rd2 Qb1+ 34. Kh2 Qe4 35. Qxe4 Nxe4 36. Rc2 Rxf6 37. Re3 Re8 38. Bf3 Ng5 39. Rxe8+ Bxe8 40. Bxd5 Bd7 41. bxc4 bxc4 42. Bxc4 Bxg4 43. Nb3 Kg7 44. Nc5 Bc8 45. a4 Rc6 46. Bd5 Rc7 47. Rc4 Kf8 48. Nxa6 Rxc4 49. Bxc4 Nf3+ 50. Kg3 Nd2 51. Bb5 Ne4+ 52. Kf4 Nc3 53. Nc5 Ke7 54. Bc4 Kd6 55. Ne4+ Nxe4 56. Kxe4 f6 57. a5 h5 58. Kf4 Kc5 59. Be2 h4 60. Bg4 Bxg4 1/2-1/2

[Event "CZE-chT1W 2122"]
[Site "Czech Republic"]
[Date "2022.03.27"]
[Round "11.2"]
[White "Bernasek, Jan"]
[Black "Brejnik, Gustav"]
[Result "1-0"]
[WhiteElo "2498"]
[BlackElo "2261"]
[PlyCount "53"]
[EventDate "2021.10.10"]
[EventType "team-tourn"]
[EventRounds "11"]
[EventCountry "CZE"]
[SourceTitle "EXT 2023"]
[Source "ChessBase"]
[SourceDate "2022.10.05"]
[SourceVersion "1"]
[SourceVersionDate "2022.10.05"]
[SourceQuality "1"]
[WhiteTeam "Unichess"]
[BlackTeam "Kobylisy"]
[WhiteTeamCountry "CZE"]
[BlackTeamCountry "CZE"]

1. d4 d5 2. c4 c6 3. Nf3 Nf6 4. e3 e6 5. Bd3 dxc4 6. Bxc4 b5 7. Bd3 Nbd7 8. 0-0 Bd6 9. Nbd2 0-0 10. a4 Qb6 11. Qe2 Rb8 12. h3 a6 13. e4 e5 14. dxe5 Bxe5 15. axb5 cxb5 16. Nb3 Bb7 17. Be3 Qe6 18. Nbd4 Bxd4 19. Nxd4 Qe8 20. f3 Ne5 21. Bb1 Nc4 22. Bf2 Rd8 23. b3 Qe5 24. f4 Qxf4 25. bxc4 Nxe4 26. Bxe4 Bxe4 27. g3 1-0

[Event "CZE-chT 2122"]
[Site "Czech Republic"]
[Date "2022.01.30"]
[Round "8.2"]
[White "Bernasek, Jan"]
[Black "Pechac, Jergus"]
[Result "1/2-1/2"]
[WhiteElo "2498"]
[BlackElo "2544"]
[PlyCount "116"]
[EventDate "2021.10.15"]
[EventType "team-tourn"]
[EventRounds "15"]
[EventCountry "CZE"]
[SourceTitle "EXT 2023"]
[Source "ChessBase"]
[SourceDate "2022.10.05"]
[SourceVersion "1"]
[SourceVersionDate "2022.10.05"]
[SourceQuality "1"]
[WhiteTeam "Unichess"]
[BlackTeam "Pardubice"]
[WhiteTeamCountry "CZE"]
[BlackTeamCountry "CZE"]

1. d4 Nf6 2. Nf3 d5 3. c4 e6 4. g3 Bb4+ 5. Bd2 Be7 6. Bg2 0-0 7. 0-0 c6 8. b3 Nbd7 9. Bc3 Ne4 10. Bb2 f5 11. Nfd2 Bd6 12. Ba3 Bxa3 13. Nxa3 a5 14. Nab1 a4 15. Nxe4 fxe4 16. Nc3 axb3 17. axb3 Rxa1 18. Qxa1 Qb6 19. Qd1 Qb4 20. Qc2 Nf6 21. Na4 Bd7 22. Nc5 Bc8 23. Bh3 Re8 24. Rc1 Kf7 25. e3 h5 26. Qd1 g5 27. Bf1 g4 28. h3 Rg8 29. hxg4 Nxg4 30. Be2 Qa5 31. Kg2 Qd8 32. Bxg4 Rxg4 33. f3 Rg5 34. fxe4 h4 35. Nd3 Rxg3+ 36. Kh2 e5 37. Qh5+ Kg8 38. Rg1 exd4 39. Rxg3+ hxg3+ 40. Kxg3 Qc7+ 41. Kf3 dxe4+ 42. Kxe4 dxe3 43. Kxe3 Qg3+ 44. Kd4 Qg7+ 45. Qe5 Qd7+ 46. Kc3 Kf8 47. Nc5 Qg7 48. Qxg7+ Kxg7 49. Ne4 b6 50. Kd4 Kf8 51. c5 bxc5+ 52. Kxc5 Ke7 53. Kxc6 Be6 54. b4 Bc4 55. Kc5 Bd3 56. Nd6 Kd7 57. Nc4 Bxc4 58. Kxc4 Kc6 1/2-1/2

[Event "CZE-chT 2122"]
[Site "Czech Republic"]
[Date "2021.12.19"]
[Round "6.3"]
[White "Petr, Martin"]
[Black "Bernasek, Jan"]
[Result "1-0"]
[WhiteElo "2501"]
[BlackElo "2498"]
[PlyCount "99"]
[EventDate "2021.10.15"]
[EventType "team-tourn"]
[EventRounds "15"]
[EventCountry "CZE"]
[SourceTitle "EXT 2023"]
[Source "ChessBase"]
[SourceDate "2022.10.05"]
[SourceVersion "1"]
[SourceVersionDate "2022.10.05"]
[SourceQuality "1"]
[WhiteTeam "Ingem Line"]
[BlackTeam "Unichess"]
[WhiteTeamCountry "CZE"]
[BlackTeamCountry "CZE"]

1. e4 c5 2. Nf3 e6 3. d4 cxd4 4. Nxd4 a6 5. c4 Nf6 6. Nc3 Bb4 7. Qd3 Qc7 8. Be2 Nc6 9. Nxc6 dxc6 10. f4 e5 11. 0-0 Bg4 12. Bxg4 Nxg4 13. Qg3 h5 14. fxe5 Qxe5 15. Bf4 Qc5+ 16. Kh1 Bxc3 17. bxc3 0-0-0 18. h3 Rd7 19. e5 Re7 20. Rae1 Re6 21. Rd1 g6 22. Rd6 Qxc4 23. Rfd1 g5 24. Bxg5 Nxe5 25. Qf2 Rxd6 26. Rxd6 Re8 27. Rd1 c5 28. Qe3 Re6 29. Qd2 Kb8 30. Be3 Nc6 31. Bg1 Rg6 32. Qd7 Qe4 33. Rd2 Rg5 34. Rb2 Ne7 35. Qd8+ Ka7 36. Qb6+ Ka8 37. Qd8+ Ka7 38. Bxc5+ Rxc5 39. Qb6+ Ka8 40. Qxc5 Nf5 41. Qc8+ Ka7 42. Rxb7+ Qxb7 43. Qxf5 h4 44. Qf2+ Kb8 45. Qf4+ Ka7 46. Qd4+ Ka8 47. Qd8+ Ka7 48. Kh2 Qc6 49. Qxh4 Qxc3 50. Qf2+ 1-0

[Event "CZE-ch Betsys Online Blitz"]
[Site "Chess.com INT"]
[Date "2021.04.17"]
[Round "12"]
[White "Michalik, Peter"]
[Black "Bernasek, Jan"]
[Result "1-0"]
[WhiteElo "2594"]
[BlackElo "2498"]
[PlyCount "173"]
[EventDate "2021.04.17"]
[EventType "swiss (blitz)"]
[EventRounds "13"]
[EventCountry "CZE"]
[SourceTitle "CBM 201 Extra"]
[Source "ChessBase"]
[SourceDate "2021.05.31"]
[SourceVersion "1"]
[SourceVersionDate "2021.05.31"]
[SourceQuality "1"]

1. d4 Nf6 2. c4 e6 3. Nf3 b6 4. g3 Bb4+ 5. Bd2 Be7 6. Bg2 d5 7. cxd5 exd5 8. 0-0 0-0 9. Bf4 Be6 10. Nc3 c5 11. Ne5 c4 12. Nxc4 Nc6 13. Ne5 Rc8 14. Rc1 Na5 15. h4 Bb4 16. e3 Bxc3 17. bxc3 Qe7 18. Rc2 Nd7 19. Nd3 Qa3 20. Qc1 Qa4 21. Nb4 Nf6 22. Qd2 Rc4 23. Nd3 Bf5 24. Rfc1 Ne4 25. Qe2 Rfc8 26. Nb2 Qxa2 27. Nxc4 Qxc4 28. Qe1 Nb3 29. Rd1 Nxc3 30. e4 Bxe4 31. Bxe4 dxe4 32. Bd2 Nxd2 33. Qxd2 b5 34. d5 b4 35. d6 h6 36. d7 Rd8 37. Ra1 Qc5 38. Qe3 Qxe3 39. fxe3 Rxd7 40. Rb2 Rb7 41. Ra5 Kh7 42. h5 Nd1 43. Rb3 Nc3 44. Rc5 Rd7 45. Rxb4 Rd3 46. Kf2 Nd1+ 47. Ke2 Nxe3 48. Rxe4 Rd5 49. Rc7 Nf5 50. Kf2 Nd6 51. Re2 Rxh5 52. Rd7 Rf5+ 53. Kg2 Rf6 54. Rd2 Nf5 55. Re2 Nd6 56. Rxa7 Nf5 57. Re5 Nd4 58. Rd7 Ne6 59. Ra5 Ng5 60. Raa7 Kg6 61. Rd8 Kh7 62. Raa8 Kg6 63. Rh8 Kh5 64. Ra2 Kg6 65. Ra4 Re6 66. Ra2 Rf6 67. Rc8 Re6 68. Rc4 Rf6 69. Rd4 Re6 70. Rf2 Rc6 71. Rdf4 Re6 72. Rc4 Rd6 73. Rc5 Re6 74. Ra5 Rd6 75. Rfa2 Kh7 76. Ra7 Rf6 77. R7a6 Rf5 78. R2a5 Rxa5 79. Rxa5 Kg6 80. Ra6+ Kh7 81. g4 Kg8 82. Kg3 Kh7 83. Kf4 Kg8 84. Kf5 Kh7 85. Ra8 Ne6 86. Rb8 Ng5 87. Rf8 1-0

[Event "World Corporate East A"]
[Site "Chess.com INT"]
[Date "2021.02.20"]
[Round "6.5"]
[White "Bernasek, Jan"]
[Black "Kazakouski, Valery"]
[Result "0-1"]
[WhiteElo "2498"]
[BlackElo "2476"]
[PlyCount "122"]
[EventDate "2021.02.19"]
[EventType "team (rapid)"]
[EventRounds "7"]
[EventCountry "USA"]
[SourceTitle "EXT 2022"]
[Source "ChessBase"]
[SourceDate "2021.10.06"]
[SourceVersion "1"]
[SourceVersionDate "2021.10.06"]
[SourceQuality "1"]
[WhiteTeam "NESS"]
[BlackTeam "Itransition"]
[WhiteTeamCountry "CZE"]
[BlackTeamCountry "BLR"]

1. d4 Nf6 2. c4 e6 3. Nc3 Bb4 4. e3 b6 5. Nf3 Bb7 6. Bd3 Be4 7. Be2 0-0 8. 0-0 Bxc3 9. bxc3 Nc6 10. Ba3 Re8 11. Nd2 Bg6 12. f4 d5 13. c5 Ne7 14. g4 Ne4 15. Nxe4 Bxe4 16. c4 c6 17. Qd2 dxc4 18. Bxc4 b5 19. Bb3 a5 20. Bb2 Kh8 21. a4 b4 22. Qf2 Qd7 23. Qg3 Nd5 24. Rae1 f5 25. Kf2 Nf6 26. g5 Nd5 27. h4 Reb8 28. Rc1 Rb7 29. h5 Rab8 30. Kg1 Kg8 31. Rf2 Kf8 32. Rh2 Nc3 33. h6 g6 34. Qe1 Bd5 35. Bxd5 Nxd5 36. e4 fxe4 37. Qxe4 Qf7 38. Qe5 Kg8 39. Rf2 Rd8 40. Re1 Re7 41. Bc1 Qf5 42. Qxf5 exf5 43. Rfe2 Rxe2 44. Rxe2 Kf7 45. Kf2 Nc3 46. Rc2 Rxd4 47. Ke3 Rd5 48. Bb2 Rxc5 49. Kf3 Ne4 50. Re2 Ke6 51. Be5 Rc4 52. Re1 Rc2 53. Rd1 Rd2 54. Rc1 Kd5 55. Ke3 c5 56. Rb1 c4 57. Bc7 Rd3+ 58. Ke2 Nc3+ 59. Kf2 Nxb1 60. Bxa5 c3 61. Bxb4 c2 0-1

[Event "World Corporate East A"]
[Site "Chess.com INT"]
[Date "2021.02.19"]
[Round "2.2"]
[White "Bernasek, Jan"]
[Black "Anisimov, Pavel"]
[Result "0-1"]
[WhiteElo "2498"]
[BlackElo "2527"]
[PlyCount "76"]
[EventDate "2021.02.19"]
[EventType "team (rapid)"]
[EventRounds "7"]
[EventCountry "USA"]
[SourceTitle "EXT 2022"]
[Source "ChessBase"]
[SourceDate "2021.10.06"]
[SourceVersion "1"]
[SourceVersionDate "2021.10.06"]
[SourceQuality "1"]
[WhiteTeam "NESS"]
[BlackTeam "Pulkovo RIVC"]
[WhiteTeamCountry "CZE"]
[BlackTeamCountry "RUS"]

1. d4 Nf6 2. c4 e6 3. Nc3 Bb4 4. e3 0-0 5. Nge2 Re8 6. g3 d5 7. cxd5 exd5 8. Bg2 c6 9. 0-0 Nbd7 10. f3 c5 11. a3 Ba5 12. dxc5 Bxc3 13. Nxc3 Nxc5 14. b4 Na6 15. Ne2 Bf5 16. Nd4 Bg6 17. Qd2 Qe7 18. Re1 Nb8 19. Bb2 Nbd7 20. Rac1 Nb6 21. Bf1 Rac8 22. Rxc8 Rxc8 23. Rc1 Re8 24. Kf2 h5 25. Bb5 Rc8 26. Rxc8+ Nxc8 27. Qc3 Nd6 28. Ke2 h4 29. Qc5 hxg3 30. hxg3 Qe5 31. Kf2 Nfe4+ 32. fxe4 Nxe4+ 33. Ke2 Qh5+ 34. Ke1 Qh1+ 35. Bf1 Nxc5 36. bxc5 Bd3 37. Ne2 Bxe2 38. Kxe2 Qh2+ 0-1

[Event "SVK-chT 1920"]
[Site "Slovakia"]
[Date "2020.09.06"]
[Round "11.3"]
[White "Chovan, Milan"]
[Black "Bernasek, Jan"]
[Result "1/2-1/2"]
[WhiteElo "2319"]
[BlackElo "2478"]
[PlyCount "118"]
[EventDate "2019.10.19"]
[EventType "team-tourn"]
[EventRounds "11"]
[EventCountry "SVK"]
[SourceTitle "EXT 2021"]
[Source "ChessBase"]
[SourceDate "2020.10.23"]
[SourceVersion "1"]
[SourceVersionDate "2020.10.23"]
[SourceQuality "1"]
[WhiteTeam "Podhajska Aquamarin"]
[BlackTeam "Zilina Mladost"]
[WhiteTeamCountry "SVK"]
[BlackTeamCountry "SVK"]

1. d4 d5 2. c4 e6 3. Nc3 Nf6 4. cxd5 exd5 5. Bg5 c6 6. Qc2 Be7 7. e3 0-0 8. Bd3 Nbd7 9. Nge2 Re8 10. 0-0 Nf8 11. f3 g6 12. Rad1 Ne6 13. Bh4 b5 14. Kh1 Bb7 15. a3 a5 16. Bf2 b4 17. axb4 axb4 18. Na4 Qa5 19. b3 c5 20. dxc5 Nxc5 21. Nxc5 Bxc5 22. Qb2 Nd7 23. Ra1 Qb6 24. Nd4 Ne5 25. Be2 Nc6 26. Rfc1 Nxd4 27. exd4 Bf8 28. Qd2 Ra3 29. Rab1 Ba6 30. Bd1 Qb5 31. Bg1 Qd3 32. Qxd3 Bxd3 33. Bc2 Bb5 34. Re1 Rc8 35. Rb2 Bh6 36. Rd1 Ra6 37. h4 Bf4 38. Bh2 Be3 39. Bg1 Re6 40. Bxe3 Rxe3 41. Rd2 Rcc3 42. Kh2 Kg7 43. Kg3 Re1 44. Ra2 Kf6 45. Ra5 Re2 46. Rxe2 Bxe2 47. Ra2 Bd3 48. Bd1 Bf5 49. Rd2 h6 50. Kf2 g5 51. hxg5+ hxg5 52. Ke1 Bg6 53. Ra2 Rc1 54. Kd2 Rb1 55. g4 Kg7 56. Ra4 Rb2+ 57. Kc1 Rb1+ 58. Kd2 Rb2+ 59. Kc1 Rb1+ 1/2-1/2

[Event "SVK-chT 1920"]
[Site "Slovakia"]
[Date "2020.09.05"]
[Round "10.3"]
[White "Bernasek, Jan"]
[Black "Bokros, Albert"]
[Result "1-0"]
[WhiteElo "2478"]
[BlackElo "2483"]
[PlyCount "105"]
[EventDate "2019.10.19"]
[EventType "team-tourn"]
[EventRounds "11"]
[EventCountry "SVK"]
[SourceTitle "EXT 2021"]
[Source "ChessBase"]
[SourceDate "2020.10.23"]
[SourceVersion "1"]
[SourceVersionDate "2020.10.23"]
[SourceQuality "1"]
[WhiteTeam "Zilina Mladost"]
[BlackTeam "Dunajska Streda"]
[WhiteTeamCountry "SVK"]
[BlackTeamCountry "SVK"]

1. Nf3 d5 2. e3 Nf6 3. c4 e6 4. b3 Be7 5. Bb2 0-0 6. Be2 b6 7. 0-0 Bb7 8. d4 Nbd7 9. Nbd2 c5 10. Rc1 cxd4 11. Nxd4 Rc8 12. N2f3 a6 13. a4 Bb4 14. cxd5 Nxd5 15. Bc4 Nc5 16. Nc2 Bc3 17. Ba3 a5 18. Qe2 Qf6 19. Ncd4 Bb4 20. Bb2 Qg6 21. Rfd1 Rfd8 22. Ne5 Nf4 23. Nxg6 Nxe2+ 24. Nxe2 hxg6 25. Nd4 Bd5 26. Bxd5 Rxd5 27. f4 Rcd8 28. Rc2 Nxb3 29. Rb1 Nd2 30. Ra1 Ne4 31. Kf1 g5 32. Nc6 Rd1+ 33. Rxd1 Rxd1+ 34. Ke2 Re1+ 35. Kf3 f5 36. fxg5 Rf1+ 37. Ke2 Re1+ 38. Kf3 Bd6 39. h4 Bc5 40. Bd4 Rh1 41. g3 Rg1 42. Bxc5 Rxg3+ 43. Kf4 Rg4+ 44. Ke5 Nxc5 45. Kd6 Kh7 46. Ke7 Rxa4 47. h5 f4 48. g6+ Kh6 49. Rh2 Nd3 50. Nd8 Kg5 51. h6 Ne5 52. hxg7 Nxg6+ 53. Ke8 1-0